000 00971nam a22003017a 4500
003 CHAP
005 20220329141729.0
008 971013s1975 r 00010 d
010 _a72936
011 _a73908
035 _a83466
040 _cCHAP
090 _aTesis
100 0 0 _aCantú Quiroga, Jesús Humberto.
_918524
245 _aValoración de una prueba simple para la determinación de la anaplasmosis
260 _a(Monterrey, N. L. :
_bEl autor,
_c1975
300 _a31 h.
502 _aTesis (Ing. Agr. Zootecnista) -- ITESM. Div. de CIencias Agropecuarias y Marítimas
590 _aALEPH
_b10
_c20130110
_lUCH01
_h1415
590 _aBATCH-UPD
_b10
_c20130110
_lUCH01
_h2242
590 _aBATCH-UPD
_b10
_c20130410
_lUCH01
_h1536
590 _aBATCH-UPD
_b10
_c20130914
_lUCH01
_h2140
590 _aCONVERSION
_b10
_c20130109
_lUCH01
_h1340
650 1 4 _aAnaplasmosis.
_95477
901 _aBK
942 _cTESIS
949 _bBC
_cTES
_d-38045
_eTS1
_i83466
_si
999 _c72936
_d72936